| 000 | 00510nam a2200181Ia 4500 | ||
|---|---|---|---|
| 003 | GCL | ||
| 008 | 140319s9999 xx 000 0 ara d | ||
| 040 |
_aGCL / _cGCL |
||
| 082 | 0 | 4 |
_a001.5 _bم خ |
| 100 | 1 | _aمحمد معوض | |
| 245 | 1 | 0 |
_aالخبز فى وسائل الاعلام / _cمحمد معوض |
| 300 | _a133 ص | ||
| 490 |
_aالهيئة العامة للاستعلامات _v0 |
||
| 650 | 0 | 4 | _aالاعلام |
| 650 | 0 | 4 | _aوسائل الاعلام |
| 650 | 0 | 4 | _aالخبز |
| 942 |
_2ddc _cBK |
||
| 999 |
_c52113 _d52113 |
||